Las máscaras: Galdós, Benavente, Valle-Inclán, Linares Rivas, Villaespesa, Morano, Lope de Vega, Shakespeare, Ibsen, Wilde, Don Juan

Guardado en:
Detalles Bibliográficos
Autor principal: Pérez de Ayala, Ramón (Autor)
Formato: Libro
Lenguaje:español
Publicado: Buenos Aires Espasa-Calpe 1948
Edición:3a. ed
Colección:Colección Austral, 147
Materias:
Etiquetas: Agregar Etiqueta
Sin Etiquetas, Sea el primero en etiquetar este registro!

MARC

LEADER 00000nam a2200000 a 4500
001 UCT8462
003 CL-VaPUC
008 970326e19480000AG |||||||||||||||||spa|d
082 0 4 |a 864  |b PER  |2 21 
100 0 |a Pérez de Ayala, Ramón  |e author  |9 348953 
245 1 4 |a Las máscaras: Galdós, Benavente, Valle-Inclán, Linares Rivas, Villaespesa, Morano, Lope de Vega, Shakespeare, Ibsen, Wilde, Don Juan 
250 |a 3a. ed 
300 |a 355 p 
942 |c BK 
945 |d 19970326 00:00:00  |a rleighto 
260 |a Buenos Aires  |b Espasa-Calpe  |c 1948 
650 0 |a Ensayos españoles  |9 313128 
583 |a last modification  |c 19970326 00:00:00  |k Rodrigo Vera 
490 0 |a Colección Austral, 147 
999 |c 256959  |d 256957 
952 |0 0  |1 0  |4 0  |6 864_000000000000000_PER_1948  |7 0  |8 A  |9 280135  |a BIBEDU  |b BIBEDU  |d 2019-11-19  |i 3295060  |o 864 PER 1948  |p 3295060  |r 2019-11-19  |w 2019-11-19  |y BK  |k LIT